[Event "Scarborough CC Fall Swiss"]
[Site "Toronto"]
[Date "2007.11.29"]
[Round "5"]
[White "Armstrong, Robert J"]
[Black "London, John"]
[Result "1/2-1/2"]
[WhiteElo "1818"]
[BlackElo "1851"]
[PlyCount "83"]
[EventDate "2007.11.01"]
[EventType "swiss"]
[EventRounds "7"]
[EventCountry "CAN"]
[SourceTitle "EXT 2022"]
[Source "ChessBase"]
[SourceDate "2021.10.06"]
[SourceVersion "1"]
[SourceVersionDate "2021.10.06"]
[SourceQuality "1"]

1. d4 Nf6 2. c4 b6 3. Nf3 Bb7 4. e3 e6 5. Bd3 d5 6. 0-0 Nbd7 7. Nc3 Be7 8. b3 a6 9. Bb2 dxc4 10. bxc4 0-0 11. e4 Bb4 12. e5 Bxc3 13. Bxc3 Ne4 14. Bb2 Ng5 15. Nxg5 Qxg5 16. f3 Qe3+ 17. Kh1 c5 18. Qc2 g6 19. Rae1 Qh6 20. d5 exd5 21. e6 fxe6 22. Rxe6 Rae8 23. Rfe1 Rxe6 24. Rxe6 d4 25. Bxg6 Nf6 26. Bd3 Re8 27. Qe2 Kf7 28. Bf5 Qf8 29. Bc1 Qd6 30. Rxe8 Nxe8 31. Bxh7 Nf6 32. Bf5 Bc6 33. h3 b5 34. Bg5 bxc4 35. Qxc4+ Qd5 36. Qc2 c4 37. Bg6+ Kg7 38. Bxf6+ Kxf6 39. Be4 Qc5 40. Bd3 Bd5 41. Qc1 Ke5 42. Qg5+ 1/2-1/2

[Event "Scarborough CC-ch reserves"]
[Site "Toronto"]
[Date "2007.03.08"]
[Round "9"]
[White "Sherman, Joshua"]
[Black "London, John"]
[Result "1/2-1/2"]
[WhiteElo "1700"]
[BlackElo "1836"]
[PlyCount "44"]
[EventDate "2007.01.04"]
[EventType "swiss"]
[EventRounds "9"]
[EventCountry "CAN"]
[SourceTitle "EXT 2022"]
[Source "ChessBase"]
[SourceDate "2021.10.06"]
[SourceVersion "1"]
[SourceVersionDate "2021.10.06"]
[SourceQuality "1"]

1. e4 e6 2. d4 d5 3. exd5 exd5 4. Bd3 Nf6 5. Nf3 Bd6 6. 0-0 0-0 7. Re1 Bg4 8. Bg5 Nbd7 9. Nbd2 c6 10. c3 Qc7 11. Qc2 Rfe8 12. h3 Bh5 13. Bh4 Rac8 14. Rxe8+ Rxe8 15. Re1 Rxe1+ 16. Nxe1 Bf4 17. Nef3 Bg6 18. Bxg6 fxg6 19. c4 Qa5 20. a3 dxc4 21. Qxc4+ Qd5 22. Qxd5+ Nxd5 1/2-1/2

[Event "Scarborough CC-ch reserves"]
[Site "Toronto"]
[Date "2007.02.01"]
[Round "5"]
[White "London, John"]
[Black "Lung, Patrick"]
[Result "1-0"]
[WhiteElo "1780"]
[BlackElo "1516"]
[PlyCount "129"]
[EventDate "2007.01.04"]
[EventType "swiss"]
[EventRounds "9"]
[EventCountry "CAN"]
[SourceTitle "EXT 2022"]
[Source "ChessBase"]
[SourceDate "2021.10.06"]
[SourceVersion "1"]
[SourceVersionDate "2021.10.06"]
[SourceQuality "1"]

1. c4 e5 2. g3 Nf6 3. Bg2 Nc6 4. Nc3 Bb4 5. a3 Bxc3 6. dxc3 0-0 7. Nf3 Re8 8. 0-0 b6 9. b4 Bb7 10. Qc2 d6 11. Ng5 Qd7 12. Bd5 Rf8 13. Bg2 Nd8 14. Ne4 Nxe4 15. Bxe4 Bxe4 16. Qxe4 Ne6 17. Rd1 Rfd8 18. Be3 c5 19. Rd2 Qc7 20. Rad1 a5 21. Rxd6 Rxd6 22. Qxa8+ Nf8 23. Rxd6 Qxd6 24. bxa5 bxa5 25. Qxa5 Ne6 26. Qa8+ Nf8 27. Qd5 Qxd5 28. cxd5 Nd7 29. a4 Nb6 30. a5 Nxd5 31. Bxc5 Nxc3 32. a6 Nd5 33. a7 Nc7 34. Bd6 Na8 35. Bxe5 Kf8 36. Kg2 g6 37. Kf3 Ke7 38. Kg4 Ke6 39. Bd4 Kd5 40. e3 Kc6 41. Kg5 Kb7 42. Kf6 Nc7 43. Kxf7 Nb5 44. Kg7 Nxd4 45. exd4 Kxa7 46. Kxh7 g5 47. h4 gxh4 48. gxh4 Kb6 49. h5 Kc6 50. h6 Kd5 51. Kg7 Kxd4 52. h7 Ke4 53. h8Q Kd5 54. Qe8 Kd4 55. f4 Kd5 56. f5 Kd4 57. f6 Kd5 58. f7 Kd4 59. f8Q Kd5 60. Qf1 Kd6 61. Qd1+ Kc7 62. Qed7+ Kb6 63. Q1d6+ Ka5 64. Qc5+ Ka6 65. Qda7# 1-0

[Event "Scarborough CC-ch reserves"]
[Site "Toronto"]
[Date "2007.01.11"]
[Round "2"]
[White "Karpik, Steve"]
[Black "London, John"]
[Result "1-0"]
[WhiteElo "1615"]
[BlackElo "1780"]
[PlyCount "99"]
[EventDate "2007.01.04"]
[EventType "swiss"]
[EventRounds "9"]
[EventCountry "CAN"]
[SourceTitle "EXT 2022"]
[Source "ChessBase"]
[SourceDate "2021.10.06"]
[SourceVersion "1"]
[SourceVersionDate "2021.10.06"]
[SourceQuality "1"]

1. Nf3 d5 2. c4 c6 3. b3 Nf6 4. Bb2 Qb6 5. Qc2 Nbd7 6. Nc3 e6 7. d4 dxc4 8. bxc4 Qa5 9. Nd2 e5 10. Nb3 Qc7 11. e3 Be7 12. Bd3 a6 13. c5 exd4 14. exd4 0-0 15. 0-0 h6 16. Rae1 Re8 17. Re2 Nd5 18. Nxd5 cxd5 19. Rfe1 Nf6 20. h3 Be6 21. Bf5 Bxf5 22. Qxf5 Rad8 23. Bc1 Ne4 24. Bf4 Qd7 25. Qxd7 Rxd7 26. f3 Nf6 27. Bd6 Kf8 28. Bxe7+ Rdxe7 29. Rxe7 Rxe7 30. Rxe7 Kxe7 31. Na5 Kd7 32. Nxb7 Nh5 33. Nd6 Nf4 34. Kf2 Ke7 35. Nf5+ Kf6 36. Ne3 Ke6 37. Nc2 Kd7 38. Kg3 Ne6 39. Kg4 a5 40. a4 g6 41. f4 Kc6 42. Kf3 Nxd4+ 43. Nxd4+ Kxc5 44. Ke3 Kb4 45. Nc6+ Kxa4 46. Kd4 Kb5 47. Nxa5 Kxa5 48. Kxd5 g5 49. f5 Kb4 50. Ke5 1-0